000 00509nam a2200181 a 4500
005 20140412111225.0
008 020410s19uu xx 00 eng d
020 _a0-87965-718-9
050 _aTR(GS 420.7
_bB64 Bk.G
100 _aBoning, Richard A.
245 _aLocating the answer, G :
_cRichard Boning.
_bbooklet G /
250 _a4th Ed.
260 _aNew York :
_bBarnell Loft Ltd,
_c1982.
300 _a1 v. (unp.) ; ill.
440 _aSpecific Skill Series
650 _aReading
999 _c102031
_d102031